عرض عادي
عرض مارك
- Kühnberger, Kai-Uwe
دخول Personal Name
001 - CONTROL NUMBER
- control field: 14270
003 - CONTROL NUMBER IDENTIFIER
- control field: AE-AdECS
005 - DATE AND TIME OF LATEST TRANSACTION
- control field: 20250416092323.0
008 - FIXED-LENGTH DATA ELEMENTS
- fixed length control field: 250416|| aca||aabn | a|a d
040 ## - CATALOGING SOURCE
- Original cataloging agency: AE-AdECS
- Transcribing agency: AE-AdECS
100 ## - HEADING--PERSONAL NAME
- Personal name: Kühnberger, Kai-Uwe
670 ## - SOURCE DATA FOUND
- Source citation: Work cat.: (AE-AdECS)289908: Concepts in action :
